Animes Populaires par Années - Statistiques

Statistiques générales
  • Ce quiz a été pris 282 fois
  • Le résultat moyen est 13 sur 43
Statistiques - réponses
Année Réponses % Correct
1999 One Piece
95%
2002 Naruto
93%
1986 Dragon Ball
84%
1996 Dragon Ball GT
84%
1989 Dragon Ball Z
84%
2019 Demon Slayer
72%
2020 Jujutsu Kaisen
70%
2004 Bleach
67%
2016 My Hero Academia
65%
2011 Hunter x Hunter
59%
2013 L'Attaque des Titans
50%
2006 Death Note
49%
2003 Fullmetal Alchemist
36%
2009 Fullmetal Alchemist: Brotherhood
36%
2014 Tokyo Ghoul
36%
2015 One Punch Man
35%
2022 Spy X Family
30%
1995 Neon Genesis Evangelion
25%
2012 Sword Art Online
22%
2017 L'Attaque des Titans 2
20%
2018 L'Attaque des Titans 3
20%
2007 Naruto Shippuden
20%
1997 Berserk
17%
1994 Sailor Moon S
17%
1983 Olive et Tom
15%
1998 Cowboy Bebop
13%
1984 Ken le Survivant
9%
1992 Yuyu Hakusho
8%
2008 Toradora
6%
2000 Inuyasha
5%
1987 Nicky Larson
5%
1993 Slam Dunk
5%
2010 Angel Beats!
3%
2001 Hellsing
3%
1988 Nicky Larson 2
3%
1985 Mobile Suite Zeta Gundam
2%
2021 Horimiya
1%
1981 Lamu
1%
2005 Mushishi
1%
1980 Ashita no Joe 2
0%
1982 Macross
0%
1990 Nadia, le Secret de l'eau bleue
0%
1991 Très Cher Frère
0%
Aucun quiz correspondant
Distribution des résultats
% des personnes avec chaque résultat
Percentile par nombre de réponses
Votre historique - résultats
Vous n’avez pas pris ce quiz